Teología moral según la doctrina de los doctores de la Iglesia Sto. Tomás de Aquino, de San Alfonso Ma. Ligorio

Detalles Bibliográficos
Autor principal: MORAN, José M.
Formato: Libro
Publicado: Madrid 1883
Materias:
Colección:Banco de datos
Acervo:Biblioteca del Convento de Santa Mónica de la Ciudad de Puebla. Puebla
Descripción Física:t. III
Tema general:Teología
Notas:Regular. Ex libris de Emiliano García. G3, 19.
LEADER 00738nam a22002050004500
035 |a 51887 
036 |a 1655 
100 1 |a MORAN, José M. 
245 1 0 |a Teología moral según la doctrina de los doctores de la Iglesia Sto. Tomás de Aquino, de San Alfonso Ma. Ligorio 
260 |a Madrid  |b imp. Viuda e Hijo de Aguado  |c 1883 
300 |a t. III 
500 |a Regular. Ex libris de Emiliano García. G3, 19. 
650 1 0 |a Teología 
949 |a CRP-SM 
959 |a Ex convento de Santa Mónica. Puebla, Puebla  |b CCC5 
960 |a Convento de Santa Mónica de la ciudad de Puebla  |b DD88 
961 |a Franciscana  |b OF 
942 |c CRP-SM 
943 |g Biblioteca del Convento de Santa Mónica de la Ciudad de Puebla. Puebla 
999 |c 962225  |d 962225